000 00607nam a2200205Ia 4500
005 20250923145339.0
008 008 250917s9999 xx 000 0 eng d
037 _aTextual
040 _aDSWL
_beng
_cDSWL
041 _aeng
_2eng
084 _aX:9F.2, N75
_qDSWL
100 _aJain, Devaki
_9834336
245 0 _aWomen in a Developing economy I: from Association to rehabilitation
_c by Devaki Jain
260 _aBombay
_bAllied Publihsers
_c1975
300 _av,32p.
365 _aINR
_b3 . 60
925 _g3 . 60
942 _cTEXL
_hX:9F.2, N75
999 _c1450284
_d1450284